The Walking Dead charaters of season 2 - Statistics

General Stats
  • This quiz has been taken 530 times
  • The average score is 13 of 14
Answer Stats
Hint Answer % Correct
Son of the leader Carl
99%
Asian Pizza delivery guy Glen
99%
Farmers older daughter Maggie
99%
Leaders best friend Shane
99%
Owned RV Dale
98%
Leader of the group Rick
98%
Farmers younger daughter Beth
97%
Leaders wife Lori
97%
Waited beside sister till turned into a walker Andrea
96%
Eds wife Carol
96%
Redneck Daryl
95%
Rednecks brother Merle
93%
Dies a hero by saving someone in the group T-dog
78%
Dies at CDC Jacqui
76%
No matching quizzes found
Score Distribution
Percent of People with Each Score
Percentile by Number Answered
Your Score History
You have not taken this quiz